00857cam a2200241 a 450000100100000000500170001000800410002704000230006808200240009110000380011524500620015325000120021526000330022730000210026049000290028158600330031065000280034365000310037183000370040291000340043995201270047399900150060000000889920200929161433.0780323s1969 sp 001 1 spa  aDO-SdBNPcTNJdDLC a863.64bS227r, 19691 aSanjuán, José María.92346510aRéquiem por todos nosotros /cJosé María Sanjuán. a11a ed. aBarcelona :bDestino,c1969. a321 p. ;c19 cm.1 aÁncora y Delfínv310 a"Premio Eugenio Nadal 1967". 4aNovela española91123 4aLiteratura española9632 0aÁncora y Delfín ;v31095000 aCatalogación por copia / LC 001052708MOaGRbGRcCTd2009-09-19iLF1l0o863.64 S227r, 1969p8899-10r2020-06-25w2020-06-25y2ZPréstamo interno c8668d8668